| Tag |
First Indicator |
Second Indicator |
Subfields |
| LEADER |
00000cjm a2200000Ia 4500 |
| 001 |
in00002773521 |
| 005 |
20150922113635.0 |
| 007 |
sd fungnn|||ed |
| 008 |
061027s2005 ne snnn n zxx d |
| 024 |
3 |
|
|a 5028421628165
|
| 024 |
3 |
|
|a 5028421925400
|
| 028 |
0 |
2 |
|a 92628/16
|b Brilliant Classics
|
| 028 |
0 |
2 |
|a 92540
|b Brilliant Classics
|
| 035 |
|
|
|a (OCoLC)ocm74490565
|
| 035 |
|
|
|a (OCoLC)74490565
|
| 040 |
|
|
|a PGC
|c PGC
|d IXA
|d STF
|d NTE
|d OCLCA
|d TXA
|d UtOrBLW
|
| 048 |
|
|
|a kb01
|a oc
|
| 049 |
|
|
|a TXAM
|
| 050 |
1 |
4 |
|a M1.3
|b .M68 W6 v.4, CD16
|
| 090 |
|
|
|a M178.M9
|b C48 2005
|
| 100 |
1 |
|
|a Mozart, Wolfgang Amadeus,
|d 1756-1791.
|
| 240 |
1 |
0 |
|a Epistle sonatas
|
| 245 |
1 |
0 |
|a Church sonatas /
|c Wolfgang Amadeus Mozart.
|
| 264 |
|
1 |
|a [Leeuwarden, Netherlands] :
|b Brilliant Classics,
|c [2005]
|
| 300 |
|
|
|a 1 sound disc (75 min.) :
|b digital ;
|c 4 3/4 in.
|
| 336 |
|
|
|a performed music
|b prm
|2 rdacontent
|
| 337 |
|
|
|a audio
|b s
|2 rdamedia
|
| 338 |
|
|
|a audio disc
|b sd
|2 rdacarrier
|
| 490 |
1 |
|
|a Wolfgang Amadeus Mozart complete works ; v. 4. Chamber music - Violin sonatas - Church sonatas ;
|v CD 16
|
| 511 |
0 |
|
|a Bohuslav Matousek, violin ; Collegium Jaroslav Tuma.
|
| 500 |
|
|
|a Licensed from Bayer Records, Germany.
|
| 500 |
|
|
|a Compact disc.
|
| 505 |
0 |
0 |
|t Sonata in E flat major : KV 67 --
|t Sonata in B flat major : KV 68 --
|t Sonata in D major : KV 69 --
|t Sonata in D major : KV 144 --
|t Sonata in F major : KV 145 --
|t Sonata in B flat major : KV 212 --
|t Sonata in G major : KV 241 --
|t Sonata in F major : KV 224 --
|t Sonata in A major : KV 225 --
|t Sonata in F major : KV 244 --
|t Sonata in D major : KV 245 --
|t Sonata in G major : KV 274 --
|t Sonata in C major : KV 328 --
|t Sonata in C major : KV 336 --
|t Sonata in C major : KV 263 --
|t Sonata in C major : KV 278 --
|t Sonata in C major : KV 329.
|
| 500 |
|
|
|a Brilliant Classics: 92628/16 ; (set: 92540).
|
| 500 |
|
|
|a Series statement from set box.
|
| 500 |
|
|
|a CD-ROM with biographies, program notes and texts/libretti for vocal works accompanies entire 170 CD set.
|
| 500 |
|
|
|a Sound recording.
|
| 650 |
|
0 |
|a Chamber music.
|
| 650 |
|
0 |
|a Organ with string orchestra.
|
| 650 |
|
0 |
|a Violin and organ with string orchestra.
|
| 700 |
1 |
|
|a Matoušek, Bohuslav,
|d 1950-
|e instrumentalist.
|
| 700 |
1 |
|
|a Tůma, Jaroslav,
|d 1956-
|e instrumentalist.
|
| 700 |
1 |
2 |
|a Mozart, Wolfgang Amadeus,
|d 1756-1791.
|t Epistle sonatas.
|
| 700 |
1 |
2 |
|a Mozart, Wolfgang Amadeus,
|d 1756-1791.
|t Epistle sonatas,
|m violins (2), continuo,
|n K. 67,
|r E♭ major.
|
| 700 |
1 |
2 |
|a Mozart, Wolfgang Amadeus,
|d 1756-1791.
|t Epistle sonatas,
|m violins (2), continuo,
|n K. 68,
|r B♭ major.
|
| 700 |
1 |
2 |
|a Mozart, Wolfgang Amadeus,
|d 1756-1791.
|t Kirchen-Sonate,
|n K. 69.
|
| 700 |
1 |
2 |
|a Mozart, Wolfgang Amadeus,
|d 1756-1791.
|t Epistle sonatas,
|m violins (2), continuo,
|n K. 144,
|r D major.
|
| 700 |
1 |
2 |
|a Mozart, Wolfgang Amadeus,
|d 1756-1791.
|t Epistle sonatas,
|m violins (2), continuo,
|n K. 145,
|r F major.
|
| 700 |
1 |
2 |
|a Mozart, Wolfgang Amadeus,
|d 1756-1791.
|t Epistle sonatas,
|m violins (2), continuo,
|n K. 212,
|r B♭ major.
|
| 700 |
1 |
2 |
|a Mozart, Wolfgang Amadeus,
|d 1756-1791.
|t Epistle sonatas,
|m violins (2), continuo,
|n K. 241,
|r G major.
|
| 700 |
1 |
2 |
|a Mozart, Wolfgang Amadeus,
|d 1756-1791.
|t Epistle sonatas,
|m violins (2), continuo,
|n K. 224,
|r F major.
|
| 700 |
1 |
2 |
|a Mozart, Wolfgang Amadeus,
|d 1756-1791.
|t Epistle sonatas,
|m violins (2), continuo,
|n K. 225,
|r A major.
|
| 700 |
1 |
2 |
|a Mozart, Wolfgang Amadeus,
|d 1756-1791.
|t Epistle sonatas,
|m organ, violins (2), cello,
|n K. 244,
|r F major.
|
| 700 |
1 |
2 |
|a Mozart, Wolfgang Amadeus,
|d 1756-1791.
|t Epistle sonatas,
|m organ, violins (2), cello,
|n K. 245,
|r D major.
|
| 700 |
1 |
2 |
|a Mozart, Wolfgang Amadeus,
|d 1756-1791.
|t Epistle sonatas,
|m violins (2), continuo,
|n K. 274,
|r G major.
|
| 700 |
1 |
2 |
|a Mozart, Wolfgang Amadeus,
|d 1756-1791.
|t Epistle sonatas,
|m organ, violins (2), cello,
|n K. 328,
|r C major.
|
| 700 |
1 |
2 |
|a Mozart, Wolfgang Amadeus,
|d 1756-1791.
|t Epistle sonatas,
|m organ, violins (2), cello,
|n K. 336,
|r C major.
|
| 700 |
1 |
2 |
|a Mozart, Wolfgang Amadeus,
|d 1756-1791.
|t Epistle sonatas,
|m orchestra,
|n K. 263,
|r C major.
|
| 700 |
1 |
2 |
|a Mozart, Wolfgang Amadeus,
|d 1756-1791.
|t Epistle sonatas,
|m orchestra,
|n K. 278,
|r C major.
|
| 700 |
1 |
2 |
|a Mozart, Wolfgang Amadeus,
|d 1756-1791.
|t Epistle sonatas,
|m orchestra,
|n K. 329,
|r C major.
|
| 710 |
2 |
|
|a Collegium Jaroslav Tůma,
|e performer.
|
| 800 |
1 |
|
|a Mozart, Wolfgang Amadeus,
|d 1756-1791.
|t Works.
|f 2005,
|n v. 4,
|p Chamber music, violin sonatas, church sonatas ;
|v CD 16.
|
| 948 |
|
|
|a cataloged
|b h
|c 2012/8/28
|d c
|e jstorlie
|f 4:02:05 pm
|
| 994 |
|
|
|a C0
|b TXA
|
| 999 |
|
|
|a MARS
|
| 999 |
f |
f |
|s aed92f6d-a546-3920-b1d1-d4f6796a0077
|i ca9576db-a020-34f1-ad7a-1bca9519fe63
|t 0
|
| 952 |
f |
f |
|p ric
|a Texas A&M University
|b Rellis Campus
|c Joint Library Facility
|d Remote Storage
|t 0
|e M178.M9 C48 2005
|h Library of Congress classification
|i audio -- audio disc
|m A14841519625
|
| 998 |
f |
f |
|a M178.M9 C48 2005
|t 0
|l Remote Storage
|